000 00577nam a2200229Ia 4500
003 OSt
005 20220924142347.0
006 a|||||r|||| 00| 0
007 ta
008 220923b |||||||| |||| 00| 0 ben d
024 _a301644
037 _cTextual
040 _aARTS
_cARTS
_bben
041 _2ben
_aben
082 _aV5:1, 157F6
100 _aGhosh Rabindra Narayan
_9213288
245 0 _aEuropean sabhyatar itihas
260 _c1946
650 _aHISTORY
942 _hV5:1, 157F6
_cTEXL
_2CC
999 _c450457
_d450457